[Event "World Rapid 2019"]
[Site "Moscow RUS"]
[Date "2019.12.26"]
[Round "3.30"]
[White "Vokhidov, Shamsiddin"]
[Black "Inarkiev, Ernesto"]
[Result "1-0"]
[WhiteTitle "IM"]
[BlackTitle "GM"]
[WhiteElo "2526"]
[BlackElo "2663"]
[WhiteFideId "14204223"]
[BlackFideId "4162722"]
[EventDate "2019.12.26"]
[EventType "rapid"]

1. e4 c5 2. Nf3 e6 3. d4 cxd4 4. Nxd4 Nc6 5. Nc3 Qc7 6. Be3 a6 7. Qf3 Nf6 8.
O-O-O Ne5 9. Qg3 b5 10. f4 Neg4 11. Bg1 b4 12. Na4 h5 13. Bd3 Bb7 14. h3 Nh6 15.
Qe3 Qa5 16. b3 Be7 17. Qe2 Qc7 18. Bh2 d6 19. Kb1 h4 20. Nf3 Nd7 21. Bg1 Bc6 22.
Bd4 e5 23. fxe5 dxe5 24. Bb2 Bxa4 25. bxa4 O-O 26. Bc4 Bf6 27. Bb3 Rfc8 28. Rhf1
Nb6 29. Nd2 a5 30. Rxf6 gxf6 31. Qh5 Kg7 32. Rf1 Qd6 33. Nf3 Nc4 34. Bc1 Na3+
35. Ka1 Rh8 36. Nxh4 Qd4+ 37. Bb2 Qb6 38. Nf5+ Nxf5 39. Qxf7+ Kh6 40. Bc1+ 1-0

[Event "World Rapid 2019"]
[Site "Moscow RUS"]
[Date "2019.12.26"]
[Round "3.31"]
[White "Xu, Yinglun"]
[Black "Zhigalko, Sergei"]
[Result "1/2-1/2"]
[WhiteTitle "GM"]
[BlackTitle "GM"]
[WhiteElo "2555"]
[BlackElo "2571"]
[WhiteFideId "8604940"]
[BlackFideId "13502956"]
[EventDate "2019.12.26"]
[EventType "rapid"]

1. d4 Nf6 2. c4 e6 3. Nf3 b6 4. g3 Ba6 5. b3 Bb4+ 6. Bd2 Be7 7. Bg2 c6 8. Bc3 d5
9. Ne5 Nfd7 10. Nxd7 Nxd7 11. Nd2 O-O 12. O-O f5 13. Rc1 Bd6 14. b4 Nf6 15. a4
Qe7 16. Qb3 Rac8 17. b5 Bb7 18. cxd5 cxd5 19. Nf3 Rc4 20. Nd2 Rcc8 21. Nf3 Rc4
22. Nd2 1/2-1/2

[Event "World Rapid 2019"]
[Site "Moscow RUS"]
[Date "2019.12.26"]
[Round "3.32"]
[White "Alekseenko, Kirill"]
[Black "Dreev, Aleksey"]
[Result "0-1"]
[WhiteTitle "GM"]
[BlackTitle "GM"]
[WhiteElo "2704"]
[BlackElo "2677"]
[WhiteFideId "4135539"]
[BlackFideId "4100107"]
[EventDate "2019.12.26"]
[EventType "rapid"]

1. e4 c6 2. Nf3 d5 3. d3 dxe4 4. dxe4 Qxd1+ 5. Kxd1 Nd7 6. Nfd2 g6 7. c3 Bg7 8.
f3 f5 9. exf5 gxf5 10. Kc2 Ngf6 11. Nb3 Nd5 12. a4 Ne5 13. Nd4 f4 14. Na3 c5 15.
Ne2 O-O 16. Kb3 Nd3 17. Bd2 Be6 18. c4 N5b4 19. Bc3 Rad8 20. Rg1 Ne5 21. Re1
Nbd3 22. Rd1 Rd6 23. Bxe5 Rb6+ 24. Ka2 Bxe5 25. Rd2 Nxb2 26. Rc2 Nd3 27. a5 Nb4+
28. Kb3 Nxc2+ 29. axb6 Nxa3 30. Kxa3 axb6 31. Kb3 Ra8 32. g3 fxg3 33. f4 Bf6 34.
Nxg3 Ra1 35. Rg2 Bh3 36. Rg1 Kf8 37. Rh1 Be6 38. Bg2 b5 39. Rxa1 Bxc4+ 40. Kc2
Bxa1 41. Bxb7 b4 42. Be4 Ba2 43. Ne2 Bg8 44. Kb1 Bf6 45. f5 Be5 46. h3 Kg7 47.
Nc1 c4 48. Na2 b3 49. Nb4 c3 50. Nd3 Bd4 51. h4 Kf6 0-1

[Event "World Rapid 2019"]
[Site "Moscow RUS"]
[Date "2019.12.26"]
[Round "3.33"]
[White "Mamedov, Rauf"]
[Black "Bosiocic, Marin"]
[Result "1-0"]
[WhiteTitle "GM"]
[BlackTitle "GM"]
[WhiteElo "2659"]
[BlackElo "2623"]
[WhiteFideId "13401653"]
[BlackFideId "14507927"]
[EventDate "2019.12.26"]
[EventType "rapid"]

1. e4 e5 2. Nf3 Nc6 3. Bb5 a6 4. Ba4 Nf6 5. Nc3 b5 6. Bb3 Be7 7. a4 b4 8. Nd5
O-O 9. d4 d6 10. O-O Rb8 11. h3 Bd7 12. dxe5 Nxe5 13. Nxe5 dxe5 14. Nxf6+ Bxf6
15. Be3 Bc6 16. Qe2 a5 17. Qc4 Bd7 18. Qc5 Ra8 19. Rfd1 Qc8 20. Bd5 Ra6 21. Bc4
Rc6 22. Qd5 Kh8 23. Bc5 Rd8 24. Bb5 Be8 25. Bxc6 Rxd5 26. Bxd5 Qa6 27. b3 Qe2
28. Be3 h6 29. Rd2 Qh5 30. Rad1 Kh7 31. Bb7 Be7 32. Kh2 Bd6 33. Bc8 Bc6 34. f3
Qh4 35. Bf2 Qf4+ 36. Bg3 Qf6 37. Ba6 h5 38. Bc4 h4 39. Bf2 Qf4+ 40. Kg1 f5 41.
Re2 fxe4 42. fxe4 Be7 43. Rf1 Qh6 44. Be3 Qg6 45. Ba7 Bg5 46. Rf5 Bf4 47. Bf7
Qd6 48. Rh5+ Bh6 49. Kh2 g6 50. Rxh4 Qf6 51. Rxh6+ Kxh6 52. Rf2 Qe7 53. Bc4 Bxe4
54. Be3+ Kg7 55. g4 g5 56. Kg3 Bg6 57. Kh2 Qd8 58. Rd2 Qe7 59. Rf2 Qd8 60. Rd2
Qe7 61. Rf2 c5 62. Kg3 e4 63. Kg2 Qe5 64. Rd2 Qc3 65. Kf2 Qf6+ 66. Ke1 Qf3 67.
Rd7+ Kf8 68. Bxc5+ Ke8 69. Bb5 Qc3+ 70. Kd1 Qa1+ 71. Ke2 Qb2 72. Ra7+ Kd8 73.
Bb6+ Kc8 74. Ba6+ Kb8 75. Rc7 Qh8 76. Rc8+ Qxc8 77. Bxc8 Kxc8 78. Ke3 1-0

[Event "World Rapid 2019"]
[Site "Moscow RUS"]
[Date "2019.12.26"]
[Round "3.35"]
[White "Shimanov, Aleksandr"]
[Black "Xu, Xiangyu"]
[Result "1-0"]
[WhiteTitle "GM"]
[BlackTitle "GM"]
[WhiteElo "2587"]
[BlackElo "2582"]
[WhiteFideId "4198603"]
[BlackFideId "8608288"]
[EventDate "2019.12.26"]
[EventType "rapid"]

1. Nf3 d5 2. g3 g6 3. Bg2 Bg7 4. O-O e5 5. c4 dxc4 6. Na3 Nc6 7. Nxc4 Nge7 8. d3
Be6 9. Bd2 O-O 10. Rc1 a5 11. b3 Qd7 12. Bc3 f6 13. Qc2 Bh3 14. Rfd1 Bxg2 15.
Kxg2 Nd5 16. Bb2 Rfe8 17. a3 Ra6 18. Ncd2 Nd8 19. e4 Rc6 20. Qb1 Nb6 21. d4 exd4
22. Bxd4 Ne6 23. Bxb6 cxb6 24. Nc4 Nf4+ 25. Kh1 Qg4 26. Ng1 Ne6 27. f3 Qh5 28.
Rd5 Qh6 29. Rcd1 Bf8 30. Qb2 Be7 31. a4 Qf8 32. Ne2 Rd8 33. Nd4 Nxd4 34. Qxd4
Rxd5 35. exd5 Bc5 36. Qg4 f5 37. Qf4 Rc8 38. d6 Rd8 39. d7 Qe7 40. Qd2 Qe6 41.
Qd3 Kf8 42. Qd2 Kg8 43. Kg2 Kf8 44. Kf1 Kg8 45. Qd3 Kf8 46. Rd2 Kg8 47. Kg2 Kf8
48. Kh3 Kg8 49. f4 Qe1 50. Qd5+ Kg7 51. Ne5 Qf1+ 52. Rg2 Bf8 53. Qf7+ Kh6 54.
Qf6 1-0

[Event "World Rapid 2019"]
[Site "Moscow RUS"]
[Date "2019.12.26"]
[Round "3.37"]
[White "Tsvetkov, Andrey"]
[Black "Timofeev, Artyom"]
[Result "0-1"]
[WhiteTitle "FM"]
[BlackTitle "GM"]
[WhiteElo "2350"]
[BlackElo "2588"]
[WhiteFideId "34139360"]
[BlackFideId "4140419"]
[EventDate "2019.12.26"]
[EventType "rapid"]

1. d4 d5 2. c4 e6 3. Nc3 c6 4. Nf3 Nf6 5. e3 Nbd7 6. Bd3 dxc4 7. Bxc4 b5 8. Bd3
Bb7 9. O-O a6 10. e4 c5 11. d5 e5 12. b3 Bd6 13. a4 b4 14. Nb1 c4 15. Bxc4 Nxe4
16. Re1 Nef6 17. Bb2 O-O 18. Nxe5 Nxe5 19. Bxe5 Bxe5 20. Rxe5 Qd6 21. Qd4 Rfe8
22. Rxe8+ Rxe8 23. Nd2 Bxd5 24. Rd1 Qc6 25. f3 h6 26. Qf2 Qe6 27. h3 Bxc4 28.
Nxc4 Nd5 29. Rd3 Qf5 30. Qd2 Nf4 31. Rd8 Rxd8 32. Qxd8+ Kh7 33. Qd2 Nd3 34. Ne3
Qg6 35. Nd5 a5 36. Qe3 Qf5 37. Nb6 Qc5 38. Nc4 Qxe3+ 39. Nxe3 Nc5 40. Nc4 Nxb3
41. Kf2 Nc5 42. Nxa5 Nxa4 43. Ke3 Nc5 44. g3 b3 45. Nc4 Na4 46. Kd3 g5 47. Na3
Kg6 48. Kc4 b2 49. Kb3 Nc5+ 50. Kxb2 Nd3+ 51. Kc3 Ne1 52. Kd2 Nxf3+ 53. Ke3 Ne5
54. Nb5 f5 55. Nd4 Kf6 56. Nb5 Nc6 57. Nd6 Ke6 58. Nc4 Nb4 59. Kd4 Nd5 60. h4
gxh4 61. gxh4 Nf4 62. Nd2 Ng2 63. Nf3 Kf6 64. Kd5 Ne3+ 65. Kd4 Ng4 66. Kd5 Nf2
67. Kd4 f4 68. Kd5 Kf5 69. Nd4+ Kg4 70. Ke5 f3 71. Nc2 Nd1 0-1

[Event "World Rapid 2019"]
[Site "Moscow RUS"]
[Date "2019.12.26"]
[Round "3.38"]
[White "Suleymanli, Aydin"]
[Black "Cheparinov, Ivan"]
[Result "1-0"]
[WhiteTitle "IM"]
[BlackTitle "GM"]
[WhiteElo "2473"]
[BlackElo "2687"]
[WhiteFideId "13413937"]
[BlackFideId "2905540"]
[EventDate "2019.12.26"]
[EventType "rapid"]

1. d4 Nf6 2. c4 g6 3. Nc3 d5 4. cxd5 Nxd5 5. e4 Nxc3 6. bxc3 Bg7 7. Bc4 c5 8.
Ne2 O-O 9. Be3 Nc6 10. Rc1 Bg4 11. f3 Bd7 12. h4 Qa5 13. Kf1 h5 14. g4 b5 15.
Bd5 hxg4 16. h5 e6 17. Bxc6 Bxc6 18. Nf4 Qxa2 19. hxg6 fxg6 20. Rc2 Qc4+ 21. Kg1
Rf6 22. Rh4 g5 23. Rxg4 gxf4 24. Rcg2 fxe3 25. Rxg7+ Kf8 26. Qe1 Rxf3 27. Qh4
Qf1+ 28. Kh2 Qxg2+ 29. Rxg2 Re8 30. Qg5 Rf7 31. Qxc5+ Ree7 32. Qxc6 Rg7 33. Qc8+
Kf7 34. Rxg7+ Kxg7 35. Qc5 Kf8 36. Kg2 1-0

[Event "World Rapid 2019"]
[Site "Moscow RUS"]
[Date "2019.12.26"]
[Round "3.40"]
[White "Predke, Alexandr"]
[Black "Kazakouski, Valery"]
[Result "1-0"]
[WhiteTitle "GM"]
[BlackTitle "IM"]
[WhiteElo "2676"]
[BlackElo "2485"]
[WhiteFideId "24107581"]
[BlackFideId "13507443"]
[EventDate "2019.12.26"]
[EventType "rapid"]

1. e4 e5 2. Bc4 Nf6 3. d3 c6 4. Nf3 d5 5. Bb3 a5 6. a4 Bb4+ 7. c3 Bd6 8. exd5
cxd5 9. Na3 Nc6 10. Nb5 Bb8 11. Bg5 Be6 12. O-O h6 13. Bh4 O-O 14. Re1 Re8 15.
d4 e4 16. Nd2 g5 17. Bg3 Kg7 18. Bxb8 Rxb8 19. f3 Bf5 20. Bc2 Qd7 21. fxe4 dxe4
22. Nf1 Bg6 23. Ne3 Ne7 24. Nc4 Nc6 25. Ne3 Ne7 26. Bb3 h5 27. d5 Ng4 28. Qd4+
Kh7 29. Nxg4 hxg4 30. d6 Nc6 31. Qf6 Qd8 32. Qf2 f5 33. Nc7 Re5 34. Rad1 Qf6 35.
Nd5 Qxd6 36. Nb6 Qf6 37. Nd7 Qe7 38. Nxb8 Nxb8 39. Qd4 Nc6 40. Qd7 Kh6 41. Qc8
Qc5+ 42. Kh1 Re8 43. Qxb7 Rb8 44. Qc7 Rxb3 45. Rd8 Qe7 46. Rh8+ Kg7 47. Qxc6
Kxh8 48. Qxg6 Qd7 49. Qh6+ Kg8 50. Qxg5+ Kh7 51. h3 gxh3 52. Qh5+ Kg7 53. gxh3
Kf6 54. Rg1 Rb8 55. Qh4+ 1-0

[Event "World Rapid 2019"]
[Site "Moscow RUS"]
[Date "2019.12.26"]
[Round "3.41"]
[White "Fedoseev, Vladimir3"]
[Black "Gurvich, Vitaly"]
[Result "1-0"]
[WhiteTitle "GM"]
[BlackTitle "FM"]
[WhiteElo "2677"]
[BlackElo "2230"]
[WhiteFideId "24130737"]
[BlackFideId "24164852"]
[EventDate "2019.12.26"]
[EventType "rapid"]

1. d4 Nf6 2. c4 g6 3. Nc3 d5 4. Nf3 Bg7 5. h4 dxc4 6. e4 c5 7. d5 b5 8. h5 O-O
9. hxg6 fxg6 10. Rh4 Ng4 11. Nxb5 Qa5+ 12. Nc3 Ne5 13. Bd2 Nbd7 14. Ng5 Nf6 15.
f4 Nd3+ 16. Bxd3 cxd3 17. e5 Nh5 18. d6 c4 19. dxe7 Qb6 20. exf8=Q+ Bxf8 21. Qf3
Bb7 22. Nge4 Qg1+ 23. Qf1 Qd4 24. Qf2 Rd8 25. Be3 1-0

[Event "World Rapid 2019"]
[Site "Moscow RUS"]
[Date "2019.12.26"]
[Round "3.42"]
[White "Andreikin, Dmitry"]
[Black "Khusnutdinov, Rustam"]
[Result "1-0"]
[WhiteTitle "GM"]
[BlackTitle "GM"]
[WhiteElo "2724"]
[BlackElo "2491"]
[WhiteFideId "4158814"]
[BlackFideId "13701703"]
[EventDate "2019.12.26"]
[EventType "rapid"]

1. d4 Nf6 2. c4 c5 3. Nf3 cxd4 4. Nxd4 a6 5. g3 d5 6. Bg2 dxc4 7. O-O e5 8. Nc2
Qxd1 9. Rxd1 Nc6 10. Bg5 Be6 11. Nc3 Be7 12. Ne3 Rc8 13. Bxf6 Bxf6 14. Ncd5 Bxd5
15. Nxd5 O-O 16. Nb6 Rc7 17. Nd5 Rcc8 18. Nb6 Rc7 19. Rac1 Rd8 20. Nd5 Rcd7 21.
Nxf6+ gxf6 22. Rxd7 Rxd7 23. Bxc6 bxc6 24. Rxc4 Rd2 25. Rxc6 Rxb2 26. a4 Rxe2
27. Rxf6 e4 28. Rxa6 e3 29. fxe3 Rxe3 30. Rh6 Re2 31. Kf1 Ra2 32. Rh4 f5 33. Ke1
f4 34. Rg4+ Kh8 35. Rxf4 Rxh2 36. g4 Kg7 37. Kd1 Rh4 38. Ke2 Kg6 39. Kd3 Kg5 40.
Re4 Rh1 41. Kc4 Rh4 42. Rd4 Rh1 43. a5 Kf6 44. Re4 h5 45. gxh5 Rxh5 46. Kb4 Rh1
47. a6 Kf5 48. Re2 Rb1+ 49. Kc5 Rc1+ 50. Kb6 Rb1+ 51. Ka7 Kf6 52. Ka8 Kf7 53.
Re5 Rb2 54. a7 Rb3 55. Rh5 Ke7 56. Rh8 Kd6 57. Rb8 Ra3 58. Kb7 Rb3+ 59. Kc8 Rc3+
60. Kd8 Rh3 61. Rb6+ Kc5 62. Rc6+ Kb5 63. Rc8 1-0

[Event "World Rapid 2019"]
[Site "Moscow RUS"]
[Date "2019.12.26"]
[Round "3.43"]
[White "Matlakov, Maxim"]
[Black "Shcherbakov, Ruslan"]
[Result "1-0"]
[WhiteTitle "GM"]
[BlackTitle "GM"]
[WhiteElo "2699"]
[BlackElo "2527"]
[WhiteFideId "4168003"]
[BlackFideId "4102240"]
[EventDate "2019.12.26"]
[EventType "rapid"]

1. d4 Nf6 2. c4 e6 3. Nf3 b6 4. a3 Ba6 5. Qc2 Bb7 6. Nc3 c5 7. e4 cxd4 8. Nxd4
Bc5 9. Nf3 Nc6 10. b4 Nd4 11. Qd2 Nxf3+ 12. gxf3 Be7 13. Bb2 a5 14. b5 Rc8 15.
Rg1 g6 16. O-O-O Rc5 17. Na4 Rh5 18. e5 Ng8 19. f4 Nh6 20. Qe3 O-O 21. Qxb6 Qc8
22. h3 Rh4 23. Qd4 Nf5 24. Qd2 Bf3 25. Re1 Qb7 26. Kb1 Rc8 27. Ka1 Bf8 28. Bd3
Bh6 29. Bxf5 Rxc4 30. Bc2 Rcxf4 31. Nc5 Qxb5 32. Nxd7 Rd4 33. Nf6+ Kg7 34. Qc3
Rc4 35. Qxf3 Rxc2 36. Rb1 Rhc4 37. Rgd1 Bd2 38. Rxd2 Rxd2 39. Bc3 Rxc3 40. Qxc3
Qe2 41. Rc1 Rd3 42. Qb2 Rd2 43. Qb8 Qd3 44. Qg8+ Kh6 45. Qf8+ Kg5 46. Nxh7+ Kh5
47. Nf6+ Kg5 48. Qc5 Kf5 49. Ng4 Qb3 50. Nh6+ Kg5 51. Qe3+ Qxe3 52. Nxf7+ Kf5
53. fxe3 Rd3 54. Kb2 Rxe3 55. h4 Re4 56. Nd6+ 1-0

[Event "World Rapid 2019"]
[Site "Moscow RUS"]
[Date "2019.12.26"]
[Round "3.44"]
[White "Rozum, Ivan"]
[Black "Tomashevsky, Evgeny"]
[Result "1/2-1/2"]
[WhiteTitle "GM"]
[BlackTitle "GM"]
[WhiteElo "2573"]
[BlackElo "2705"]
[WhiteFideId "24104272"]
[BlackFideId "4147235"]
[EventDate "2019.12.26"]
[EventType "rapid"]

1. d4 e6 2. c4 Bb4+ 3. Bd2 a5 4. g3 d5 5. Nf3 dxc4 6. Bg2 Nc6 7. e3 Nf6 8. O-O
O-O 9. Qc1 b5 10. a4 Ba6 11. b3 Qb8 12. Ng5 Nd5 13. Qc2 g6 14. Rc1 Be7 15. axb5
Ncb4 16. Bxb4 Nxb4 17. Qd1 Bb7 18. Ne4 cxb3 19. Qxb3 Bd5 20. Qa4 Nd3 21. Rc3 Ne1
22. Bh1 f5 23. Nbd2 fxe4 24. Rxe1 Bb4 25. Rc2 Qb7 26. Rec1 Rf7 27. Nc4 Rb8 28.
Nxa5 Bxa5 29. Qxa5 Qxb5 30. Qxb5 Rxb5 31. Rxc7 Rxc7 32. Rxc7 Rb1+ 33. Kg2 h5 34.
h4 Re1 35. Rc2 Bb3 36. Rc8+ Kf7 37. Kh2 Re2 38. Bxe4 Rxf2+ 39. Kg1 Ra2 40. Rc1
Bd5 41. Bxd5 exd5 42. Kf1 Ke6 43. Rc5 Rd2 44. Rb5 Ra2 45. e4 dxe4 46. Re5+ Kd6
47. Rxe4 Kd5 48. Rf4 Rd2 49. Rf6 Ke4 50. Rxg6 Kf3 51. Ke1 Rxd4 52. Rg5 Rd8 53.
Rxh5 1/2-1/2

[Event "World Rapid 2019"]
[Site "Moscow RUS"]
[Date "2019.12.26"]
[Round "3.45"]
[White "Sakaev, Konstantin"]
[Black "Anton Guijarro, David"]
[Result "1/2-1/2"]
[WhiteTitle "GM"]
[BlackTitle "GM"]
[WhiteElo "2596"]
[BlackElo "2685"]
[WhiteFideId "4104226"]
[BlackFideId "2285525"]
[EventDate "2019.12.26"]
[EventType "rapid"]

1. d4 f5 2. c4 Nf6 3. Nf3 g6 4. e3 Bg7 5. b4 a5 6. b5 O-O 7. Be2 e6 8. Ba3 d6 9.
c5 Ne4 10. cxd6 cxd6 11. O-O Nd7 12. Qb3 Ndf6 13. Nbd2 Re8 14. Nxe4 fxe4 15. Nd2
a4 16. Qc2 d5 17. Rac1 e5 18. dxe5 Ng4 19. Bxg4 Bxg4 20. f3 exf3 21. Nxf3 Bxf3
22. Rxf3 Bxe5 23. Bb2 Bxb2 24. Qxb2 Rc8 25. Rxc8 Qxc8 26. h3 Qc5 27. Qf6 Qe7 28.
Qd4 Qe4 29. Qf6 Qe7 30. Qd4 Qe4 31. Qf6 Qe7 1/2-1/2

[Event "World Rapid 2019"]
[Site "Moscow RUS"]
[Date "2019.12.26"]
[Round "3.46"]
[White "Jobava, Baadur"]
[Black "Zarnicki, Pablo"]
[Result "1-0"]
[WhiteTitle "GM"]
[BlackTitle "GM"]
[WhiteElo "2604"]
[BlackElo "2514"]
[WhiteFideId "13601520"]
[BlackFideId "100137"]
[EventDate "2019.12.26"]
[EventType "rapid"]

1. d4 Nf6 2. c4 e6 3. Nc3 Bb4 4. Qc2 O-O 5. a3 Bxc3+ 6. Qxc3 b5 7. cxb5 c6 8. f3
Nd5 9. Qd2 f5 10. e3 Qb6 11. Bd3 cxb5 12. Ne2 Nc6 13. O-O f4 14. exf4 Nxd4 15.
Bxh7+ Kxh7 16. Qxd4 Qxd4+ 17. Nxd4 Nxf4 18. Bxf4 Rxf4 19. Rfd1 b4 20. axb4 e5
21. Nc2 Rc4 22. Rd2 d6 23. Kf2 Bb7 24. Ra3 Rac8 25. Ne3 Rxb4 26. Rxa7 d5 27. Nf5
Ra8 28. Rxa8 Bxa8 29. h4 Kg6 30. Ne7+ Kf6 31. Nxd5+ Bxd5 32. Rxd5 Rxb2+ 33. Kg3
g6 34. Rd6+ Kf7 35. Rc6 Ra2 36. Rc4 Kf6 37. Kh3 Rf2 38. Rc6+ Kf7 39. Ra6 Rb2 40.
Ra4 Kf6 41. g3 Kf5 42. Ra6 Rf2 43. g4+ Kf4 44. Rf6+ Ke3 45. g5 Rf1 46. Kg2 Rf2+
47. Kg3 Rf1 48. Rxg6 Rxf3+ 49. Kg4 e4 50. Rf6 Rf2 51. h5 Rg2+ 52. Kf5 Kf3 53. h6
e3 54. Re6 e2 55. h7 Rh2 56. Kg6 Rh1 57. Kg7 1-0

[Event "World Rapid 2019"]
[Site "Moscow RUS"]
[Date "2019.12.26"]
[Round "3.47"]
[White "Atabayev, Maksat"]
[Black "Rakhmanov, Aleksandr"]
[Result "0-1"]
[WhiteTitle "GM"]
[BlackTitle "GM"]
[WhiteElo "2475"]
[BlackElo "2645"]
[WhiteFideId "14001101"]
[BlackFideId "4173708"]
[EventDate "2019.12.26"]
[EventType "rapid"]

1. e4 c5 2. Nf3 Nf6 3. d3 d5 4. Nbd2 Nc6 5. Be2 g6 6. O-O Bg7 7. c3 Qc7 8. Re1
O-O 9. Bf1 e5 10. a3 a5 11. a4 h6 12. Qc2 Bg4 13. h3 Be6 14. exd5 Nxd5 15. Nc4
Rad8 16. Bd2 Nb6 17. Na3 Rfe8 18. Nb5 Qe7 19. Rad1 f5 20. Be3 Nd5 21. Bc1 Qf7
22. Nd2 Nb6 23. b3 Rd7 24. Be2 Red8 25. Nc4 Nxc4 26. bxc4 g5 27. Na3 f4 28. Bf3
h5 29. Qe2 g4 30. hxg4 hxg4 31. Bxg4 Bxg4 32. Qxg4 Rd6 33. Qf3 Rg6 34. Nb1 Ne7
35. Qxb7 f3 36. g3 Rf8 37. Re3 Qf4 38. Qxe7 Rxg3+ 39. Kf1 Rg1+ 40. Kxg1 Qg4+ 41.
Kf1 Qg2+ 0-1

[Event "World Rapid 2019"]
[Site "Moscow RUS"]
[Date "2019.12.26"]
[Round "3.48"]
[White "Salgado Lopez, Ivan"]
[Black "Adly, Ahmed"]
[Result "0-1"]
[WhiteTitle "GM"]
[BlackTitle "GM"]
[WhiteElo "2605"]
[BlackElo "2607"]
[WhiteFideId "2257327"]
[BlackFideId "10601619"]
[EventDate "2019.12.26"]
[EventType "rapid"]

1. e4 c5 2. c3 d6 3. d4 Nf6 4. Bd3 g6 5. Nf3 Bg7 6. h3 O-O 7. O-O Nc6 8. d5 Nb8
9. Re1 e5 10. dxe6 Bxe6 11. Na3 Nc6 12. Bf4 d5 13. exd5 Nxd5 14. Bg3 Nb6 15. Qc2
Bd5 16. Nd2 f5 17. f4 Bf6 18. Ndc4 Rc8 19. Rad1 Nb4 20. Qf2 Nxd3 21. Rxd3 Nxc4
22. Nxc4 Bd4 23. cxd4 Bxc4 24. Rd2 cxd4 25. Rxd4 Qb6 26. b3 Bb5 27. Kh2 Rfd8 28.
Rxd8+ Rxd8 29. Qxb6 axb6 30. Re5 Bc6 31. Re2 b5 32. Bf2 Be4 33. Be3 Rd1 34. Kg3
Kf7 35. Rd2 Ra1 36. Kf2 Ke6 37. Bc5 Rc1 38. b4 Bc6 39. Rd6+ Kf7 40. Rd2 h6 41.
h4 Rc4 42. Kg3 Rc3+ 43. Kf2 Ra3 44. Bd6 Ke6 45. Bf8 h5 46. Bc5 Bd5 47. Kg1 Ra6
48. Re2+ Kd7 49. Rd2 Kc6 50. Kf2 b6 51. Be7 Ra7 52. Bf8 Ra8 53. Bg7 Bxa2 54. Be5
Bd5 55. Rc2+ Kd7 56. Rd2 Ke6 57. Bd4 Ra4 58. Rb2 Ra6 59. Re2+ Be4 60. Rd2 Ra4
61. Rb2 Kd5 62. Bxb6 Kc4 63. Bc5 Bd3 64. Rd2 Ra1 65. Kg3 Kc3 66. Rf2 Ra4 67. Rf3
Kc4 68. Kh2 Ra6 69. Rg3 Be4 70. Kg1 Bd3 71. Kh2 Be4 72. Kg1 Rc6 73. Bf8 Kd5 74.
Kh2 Bc2 75. Kg1 Ke4 76. Rf3 Bd1 77. Rf1 Be2 78. Re1 Rc2 79. Kf2 Kd3 80. Ra1 Ke4
81. Re1 Kd3 82. Ra1 Bg4+ 83. Kg3 Rc6 84. Ra3+ Kc4 85. Re3 Bd1 86. Re5 Rb6 87.
Rc5+ Kb3 88. Kf2 Bc2 89. Ke3 Be4 90. g3 Rb8 91. Be7 Rb7 92. Bf8 Rf7 93. Bd6 Rd7
94. Bf8 Rd3+ 95. Kf2 Rf3+ 96. Ke1 Bd3 97. Kd2 Bc4 98. Re5 Rd3+ 99. Ke1 Rxg3 100.
Kf2 Rg4 101. Re3+ Ka4 102. Bd6 Rxh4 103. Rg3 Bf7 104. Ke3 Rh1 105. Kd4 h4 106.
Re3 h3 107. Kc3 h2 0-1

[Event "World Rapid 2019"]
[Site "Moscow RUS"]
[Date "2019.12.26"]
[Round "3.49"]
[White "Demchenko, Anton"]
[Black "Gajewski, Grzegorz"]
[Result "0-1"]
[WhiteTitle "GM"]
[BlackTitle "GM"]
[WhiteElo "2642"]
[BlackElo "2626"]
[WhiteFideId "4160258"]
[BlackFideId "1116207"]
[EventDate "2019.12.26"]
[EventType "rapid"]

1. e4 c5 2. Nf3 d6 3. d4 cxd4 4. Qxd4 Nc6 5. Qe3 Nf6 6. Be2 e6 7. O-O Be7 8. Rd1
Qc7 9. c4 Ng4 10. Qf4 Nce5 11. Nc3 h5 12. Nxe5 dxe5 13. Qg3 Bd7 14. h3 Nf6 15.
Be3 h4 16. Qh2 Bc5 17. Bxc5 Qxc5 18. a3 O-O-O 19. b4 Qc7 20. g4 hxg3 21. Qxg3
Rh6 22. Qe3 Rdh8 23. Bf1 Rg6+ 24. Kh1 Kb8 25. Nb5 Bxb5 26. cxb5 Ng4 27. Qf3 Qc2 0-1

[Event "World Rapid 2019"]
[Site "Moscow RUS"]
[Date "2019.12.26"]
[Round "3.50"]
[White "Kryakvin, Dmitry"]
[Black "Ivanisevic, Ivan"]
[Result "0-1"]
[WhiteTitle "GM"]
[BlackTitle "GM"]
[WhiteElo "2596"]
[BlackElo "2593"]
[WhiteFideId "4153278"]
[BlackFideId "912417"]
[EventDate "2019.12.26"]
[EventType "rapid"]

1. d4 Nf6 2. c4 e6 3. Nf3 c5 4. d5 d6 5. Nc3 exd5 6. cxd5 g6 7. Nd2 Bg7 8. Nc4
O-O 9. Bf4 Nbd7 10. e3 Nb6 11. Nxb6 Qxb6 12. Qb3 Qd8 13. Be2 a6 14. a4 b6 15.
O-O Re8 16. Rfd1 Rb8 17. h3 Qc7 18. Qa3 Ne4 19. Nxe4 Rxe4 20. Rac1 Qe7 21. Bd3
Rb4 22. b3 f5 23. Rc4 a5 24. Rxb4 axb4 25. Qc1 Bc3 26. Qc2 Bd7 27. e4 g5 28. Bd2
Bxd2 29. Rxd2 f4 30. e5 Qxe5 31. Bxh7+ Kh8 32. Qg6 g4 33. hxg4 Rf8 34. Bg8 Qg7
35. Qxg7+ Kxg7 36. Be6 Be8 37. f3 Kf6 38. Kf2 Rh8 39. Rd1 Bg6 40. Bf5 Bxf5 41.
gxf5 Re8 42. Rh1 Kxf5 43. Rh7 Ke5 44. Rf7 Rh8 45. Kg1 Rb8 46. Kf2 Re8 47. Kf1
Kd4 48. Rxf4+ Kc3 49. Rf6 Rd8 50. g4 Kxb3 51. Ke2 Kc2 52. Ke3 b3 53. Rh6 Re8+
54. Kf4 b2 55. Rh2+ Kb3 56. Rh1 c4 0-1

[Event "World Rapid 2019"]
[Site "Moscow RUS"]
[Date "2019.12.26"]
[Round "3.51"]
[White "Amin, Bassem"]
[Black "Christiansen, Johan-Sebastian"]
[Result "1-0"]
[WhiteTitle "GM"]
[BlackTitle "GM"]
[WhiteElo "2683"]
[BlackElo "2597"]
[WhiteFideId "10601457"]
[BlackFideId "1512668"]
[EventDate "2019.12.26"]
[EventType "rapid"]

1. Nf3 c5 2. g3 g6 3. Bg2 Bg7 4. O-O Nc6 5. d3 e6 6. e4 Nge7 7. c3 O-O 8. Re1 b6
9. d4 cxd4 10. cxd4 d5 11. e5 Ba6 12. Nc3 Rc8 13. Bf4 Qd7 14. Qa4 Bc4 15. Rac1
Qb7 16. h4 Rc7 17. Nb5 Bxb5 18. Qxb5 Rfc8 19. Bf1 Nf5 20. Qa6 Qb8 21. Rcd1 Nb4
22. Qa4 Nc2 23. Rc1 Nxe1 24. Rxe1 b5 25. Bxb5 Rb7 26. Ba6 Rb4 27. Qa5 Rc6 28.
Bf1 Nxd4 29. Nxd4 Rxd4 30. b3 Bf8 31. Be3 Re4 32. Bxa7 Qxe5 33. Rxe4 Qxe4 34.
Qd8 Qb4 35. Be3 Qe7 36. Qa8 Rc2 37. a4 Qc7 38. a5 Qc8 39. Qxc8 Rxc8 40. a6 e5
41. Bb6 Ra8 42. a7 Bd6 43. Ba6 Bb8 44. axb8=Q+ Rxb8 45. Bc7 Rxb3 46. Bxe5 f6 47.
Bf4 Kf7 48. Kf1 Ra3 49. Bb7 Ke6 50. Bc8+ Kf7 51. Ke2 Rb3 52. Be3 Ra3 53. Bd4 Rb3
54. g4 Rb8 55. Ba6 Re8+ 56. Kd3 Re4 57. Bc8 Re1 58. f4 Rd1+ 59. Ke3 Re1+ 60. Kf3
Rd1 61. Bf2 Rc1 62. Ba6 Rc3+ 63. Ke2 Ke6 64. Bd3 Ra3 65. Bd4 Ra2+ 66. Kf3 Ra3
67. Ke3 Rb3 68. h5 Ra3 69. Bc5 Rb3 70. Kd4 f5 71. hxg6 hxg6 72. g5 Rb2 73. Ba6
Rb8 74. Kc3 Ra8 75. Bb5 Rb8 76. Kb4 Rh8 77. Bd4 Rc8 78. Be5 Ke7 79. Ka5 Rc1 80.
Kb6 Rc2 81. Bc6 Rd2 82. Kc5 Ke6 83. Be8 Rc2+ 84. Kd4 Rc4+ 85. Kd3 Rb4 86. Bxg6
Rb3+ 87. Ke2 Rb4 88. Bh7 Rb5 89. g6 1-0